Normal view
MARC view
- ILYIN,V
Entry Personal Name
001 - CONTROL NUMBER
- control field: 79054
003 - CONTROL NUMBER IDENTIFIER
- control field: NUST
005 - DATE AND TIME OF LATEST TRANSACTION
- control field: 20210628210335.0
008 - FIXED-LENGTH DATA ELEMENTS
- fixed length control field: 210628|| aca||aabn | a|a d
040 ## - CATALOGING SOURCE
- Original cataloging agency: NUST
- Transcribing agency: NUST
100 ## - HEADING--PERSONAL NAME
- Personal name: ILYIN,V
670 ## - SOURCE DATA FOUND
- Source citation: Work cat.: (NUST): ILYIN,V, REMOTE CONTROL SYSTEMS, 1973
